00266nam a2200097Ia 4500001000800000005001700008008004100025020001800066245006400084260002000148128212420260417163659.0260417s9999 xx 000 0 und d a9789752100770 0aEfsaneler Ülkesi Çin’e YolculukcGülten Dayıoğlu bAltın Kitaplar